| 000 | 00674nam a2200217 a 4500 | ||
|---|---|---|---|
| 999 |
_c4913 _d4913 |
||
| 001 | 471710 | ||
| 003 | GZU | ||
| 005 | 20210325093822.0 | ||
| 008 | 840508s1982 rh 000 0 nic | ||
| 010 | _a 83196258 | ||
| 020 |
_a0869222317 : _c$0.80 |
||
| 040 |
_aDLC _cDLC _dDLC |
||
| 050 | 0 | 0 |
_aPL8547 _bS56 1982 |
| 100 | 1 | _aSidambe, L. C. | |
| 245 | 1 | 0 |
_aIlizwi lenkosi yilizwi lesizwe : _bumdlalo / _colotshwe nguL.C. Sidambe. |
| 260 |
_aGweru, Zimbabwe : _bMambo Press in association with the Literature Bureau, _c1982. |
||
| 300 |
_a53 p. ; _c18 cm. |
||
| 500 | _aIn Ndebele. | ||
| 906 |
_a7 _bcbc _corignew _d4 _encip _f19 _gy-gencatlg |
||
| 942 |
_2lcc _cBK _h8547 _iSID _kPL _mSID |
||